Teorija i praktika primenenija ionoobmennych materialov.

Uložené v:
Podrobná bibliografia
Médium: Kniha
Jazyk:Russian
Vydané: Moskva : Izdatel´stvo Akademii nauk SSSR, 1955.
Fyzický popis: 163 strán.
Tagy: Pridať tag
Žiadne tagy, Buďte prvý kto otaguje tento záznam!

MARC

LEADER 00000nam a22000002i 4500
001 000690621
005 20230117075905.0
008 230117s1955 ru e 000 0 rus d
020 |c Kčs 9,85  |q (viazané) 
040 |a SVKKK  |b slo  |c SVKKK  |e rda 
245 0 0 |a Teorija i praktika primenenija ionoobmennych materialov. 
264 1 |a Moskva :  |b Izdatel´stvo Akademii nauk SSSR,  |c 1955. 
300 |a 163 strán. 
336 |a text  |b txt  |2 rdacontent 
337 |a bez média  |b n  |2 rdamedia 
338 |a zväzok  |b nc  |2 rdacarrier 
500 |a Záznam revízie 
910 |a svkkk 
998 |a BK 
090 |g SCKHL  |k Sklad Pribinova 3. posch.  |a V.11882  |j 114518  |i 2720933712  |4 Zastaraná  |s Vyradená